[Event "Challenge"]
[Site "http://www.queenalice.com/game.php?id=1341368"]
[Date "2015.2.13"]
[Round "-"]
[White "masam2014"]
[Black "jhowrod2013"]
[Result "1-0"]
[WhiteElo "1473"]
[BlackElo "1681"]

1. d4 d5 2. c4 e6 3. a3 Nf6 4. e3 Be7 5. Nc3 O-O 6. cxd5 Nxd5 7. Nxd5 Qxd5 8.
Nf3 Nc6 9. b4 Bd7 10. Bb2 b6 11. Bd3 f5 12. O-O e5 13. dxe5 Rfe8 14. Re1 Nxe5
15. Bxe5 Bd6 16. Bxd6 cxd6 17. Rb1 Bb5 18. Bxb5 Qxb5 19. Qxd6 Rad8 20. Qg3 Qc4
21. Ne5 Qe6 22. f4 Qh6 23. Rbc1 Re6 24. Rc7 g6 25. Nf7 Qg7 26. Nxd8 Qxc7 27.
Nxe6 Qf7 28. Nd4 1-0

[Event "Let's Play Chess!"]
[Site "http://www.queenalice.com/game.php?id=1342415"]
[Date "2015.2.19"]
[Round "-"]
[White "Rider"]
[Black "jhowrod2013"]
[Result "1-0"]
[WhiteElo "1585"]
[BlackElo "1682"]

1. e4 e6 2. e5 d6 3. d4 d5 4. Bd3 c5 5. c3 c4 6. Bc2 Nc6 7. Ba4 Bd7 8. Nf3 f6 9.
Bxc6 Bxc6 10. Bf4 fxe5 11. Nxe5 Qf6 12. g3 O-O-O 13. O-O Bd6 14. Nd2 g5 15. Nxc6
bxc6 16. Bxd6 Rxd6 17. Qa4 Ne7 18. Qxa7 h5 19. b3 Rd7 20. Qa6+ Kd8 21. bxc4 h4
22. g4 Qf4 23. Qa8+ Nc8 24. f3 Qxd2 25. Qa5+ Ke8 26. cxd5 h3 27. Rf2 Rxd5 28.
Qc7 Qxc3 29. Qxc8+ Rd8 30. Qxe6+ Kf8 31. Qf6+ 1-0

[Event "Let's Play Chess!"]
[Site "http://www.queenalice.com/game.php?id=1342416"]
[Date "2015.2.19"]
[Round "-"]
[White "jhowrod2013"]
[Black "Rider"]
[Result "1-0"]
[WhiteElo "1668"]
[BlackElo "1612"]

1. e4 e5 2. Nf3 Nc6 3. d4 f6 4. d5 Nce7 5. Nc3 c6 6. Bc4 b5 7. Bb3 a5 8. O-O
cxd5 9. Nxd5 a4 10. Nxe7 Nxe7 11. Be3 axb3 12. cxb3 Ba6 13. a4 b4 14. Qd2 Bxf1
15. Rxf1 Ng6 16. Ra1 Qc7 17. a5 Rxa5 18. Rc1 Qb8 19. Ne1 Bd6 20. Nd3 O-O 21. h3
f5 22. f3 Nh4 23. Bc5 Bxc5+ 24. Nxc5 Qb6 25. Qxd7 Rd8 26. Qe6+ Kh8 27. Qxb6 Ra2
28. Qxd8# 1-0

[Event "Let's Play Chess!"]
[Site "http://www.queenalice.com/game.php?id=1342480"]
[Date "2015.2.19"]
[Round "-"]
[White "carlosufpe"]
[Black "jhowrod2013"]
[Result "1-0"]
[WhiteElo "1753"]
[BlackElo "1681"]

1. d4 d5 2. e3 e6 3. Nf3 Nf6 4. Be2 c5 5. Bb5+ Bd7 6. Bxd7+ Nbxd7 7. c3 Be7 8.
dxc5 Nxc5 9. b4 O-O 10. bxc5 Bxc5 11. Ba3 b6 12. Bxc5 bxc5 13. O-O Ng4 14. h3
Nf6 15. Qc2 Ne4 16. Nbd2 f5 17. c4 dxc4 18. Nxe4 fxe4 19. Qxe4 c3 20. Qxe6+ Kh8
21. Qc4 Rc8 22. Qxc3 Rc6 23. Rfd1 Rd6 24. Rxd6 Qxd6 25. Rf1 Qg6 26. Nd2 Rf5 27.
Qa5 c4 28. Qd8+ 1-0

[Event "Let's Play Chess!"]
[Site "http://www.queenalice.com/game.php?id=1342481"]
[Date "2015.2.19"]
[Round "-"]
[White "jhowrod2013"]
[Black "carlosufpe"]
[Result "1-0"]
[WhiteElo "1661"]
[BlackElo "1771"]

1. e4 d6 2. Nf3 e5 3. Nc3 Bg4 4. Be2 Nf6 5. O-O Be7 6. h3 Bxf3 7. Bxf3 O-O 8. d4
c6 9. d5 c5 10. Bg5 Qc7 11. Nb5 Qd8 12. c3 a6 13. Na3 b5 14. Bxf6 Bxf6 15. Rc1
Qa5 16. Be2 b4 17. Nc4 Qc7 18. cxb4 cxb4 19. Nxe5 Qa5 20. Nc6 Nxc6 21. dxc6 Bxb2
22. Rc2 Bc3 23. Qxd6 Rfd8 24. Qg3 Rac8 25. Rd1 Rxd1+ 26. Bxd1 Rxc6 27. Qb8+ 1-0

[Event "AUTO-OPEN-3438"]
[Site "http://www.queenalice.com/game.php?id=1342658"]
[Date "2015.2.19"]
[Round "1"]
[White "Lord_Black"]
[Black "jhowrod2013"]
[Result "0-1"]
[WhiteElo "1837"]
[BlackElo "1655"]

1. d4 Nf6 2. c4 e6 3. Nc3 Bb4 4. Bg5 Bxc3+ 5. bxc3 O-O 6. Nf3 h6 7. Bxf6 Qxf6 8.
e4 Nc6 9. Be2 Ne7 10. O-O c6 11. Ne5 d5 12. Bd3 dxe4 13. Bxe4 Nf5 14. Qd3 Qg5
15. Nf3 Qg4 16. h3 Qf4 17. Bxf5 exf5 18. Rfe1 Bd7 19. Ne5 Be6 0-1

[Event "AUTO-OPEN-3438"]
[Site "http://www.queenalice.com/game.php?id=1342659"]
[Date "2015.2.19"]
[Round "1"]
[White "jhowrod2013"]
[Black "Lord_Black"]
[Result "1-0"]
[WhiteElo "1678"]
[BlackElo "1809"]

1. e4 c5 2. d4 cxd4 3. c3 dxc3 4. Nxc3 Nc6 5. f4 d6 6. Nf3 Bg4 7. Be2 Bxf3 8.
Bxf3 e6 9. O-O a6 10. e5 d5 11. b3 Bc5+ 12. Kh1 Nh6 13. Na4 Be7 14. Nb6 Qxb6 15.
g4 O-O 16. f5 exf5 17. Bxh6 gxh6 18. gxf5 Nxe5 19. Bxd5 Rad8 20. Qh5 1-0

[Event "AUTO-OPEN-3438"]
[Site "http://www.queenalice.com/game.php?id=1342682"]
[Date "2015.2.19"]
[Round "1"]
[White "rubenov"]
[Black "jhowrod2013"]
[Result "1-0"]
[WhiteElo "2095"]
[BlackElo "1657"]

1. d4 d5 2. Bg5 h6 3. Bh4 Nf6 4. Nf3 g5 5. Bg3 Bg7 6. c3 O-O 7. e3 Ne4 8. Be5 f6
9. Bg3 Nxg3 10. hxg3 Nc6 11. Bd3 Bg4 12. Qc2 f5 13. Nh2 e5 14. Nxg4 e4 15. Nxh6+
Bxh6 16. Rxh6 Rf6 17. Rxf6 exd3 18. Qb3 Qxf6 19. Qxd5+ Kg7 20. Qd7+ Kf8 21. Qxc7
Qh6 22. Nd2 Qh1+ 23. Nf1 Qxg2 24. Rd1 Re8 25. Rxd3 f4 26. gxf4 gxf4 27. Qxf4+
Kg8 28. Qg3+ 1-0

[Event "AUTO-OPEN-3438"]
[Site "http://www.queenalice.com/game.php?id=1342683"]
[Date "2015.2.19"]
[Round "1"]
[White "jhowrod2013"]
[Black "rubenov"]
[Result "0-1"]
[WhiteElo "1678"]
[BlackElo "2055"]

1. e4 e5 2. Nf3 d6 3. d3 Nf6 4. Bg5 Be7 5. Be2 Nc6 6. O-O h6 7. Bxf6 Bxf6 8. Nc3
a6 9. Nd5 Be6 10. Nxf6+ Qxf6 11. d4 exd4 12. c3 dxc3 13. bxc3 Qxc3 14. Rc1 Qf6
15. Bc4 O-O 16. Re1 Rad8 17. Bxe6 fxe6 18. Qe2 e5 19. a3 Qf4 20. g3 Qxf3 21.
Qc4+ Kh8 22. Rc2 Nd4 23. Re3 Qd1+ 24. Kg2 Nxc2 25. Rd3 Ne1+ 0-1

[Event "AUTO-INT-2961"]
[Site "http://www.queenalice.com/game.php?id=1342906"]
[Date "2015.2.20"]
[Round "1"]
[White "tango2011"]
[Black "jhowrod2013"]
[Result "0-1"]
[WhiteElo "1623"]
[BlackElo "1640"]

1. d4 d5 2. e3 Nf6 3. Nf3 e6 4. Ne5 Ne4 5. Bd3 f6 6. Nf3 Be7 7. O-O O-O 8. Nfd2
Nc6 9. Nxe4 dxe4 10. Bxe4 f5 11. Bxc6 bxc6 12. c4 c5 13. b3 Bf6 14. Bb2 Bb7 15.
f3 Qd6 16. Re1 Rae8 17. Na3 cxd4 18. Nb5 Qb6 19. Nxd4 Rd8 20. Qc2 e5 21. Nxf5 g6
22. Ba3 e4 23. Bxf8 Bxa1 24. Be7 Rd3 25. Nh6+ Kg7 26. Bg5 Bf6 27. Bxf6+ Qxf6 28.
f4 Qh4 29. Qb2+ Kxh6 30. Qe5 Qxe1# 0-1

[Event "AUTO-INT-2961"]
[Site "http://www.queenalice.com/game.php?id=1342907"]
[Date "2015.2.20"]
[Round "1"]
[White "jhowrod2013"]
[Black "tango2011"]
[Result "1-0"]
[WhiteElo "1662"]
[BlackElo "1653"]

1. e4 c5 2. d4 cxd4 3. c3 dxc3 4. Nxc3 e6 5. Nf3 Bb4 6. Bd3 Bxc3+ 7. bxc3 Ne7 8.
O-O O-O 9. e5 Nbc6 10. Bxh7+ Kxh7 11. Ng5+ Kg6 12. Qg4 Nxe5 13. Qe4+ Nf5 14.
Qxe5 f6 15. Nxe6 dxe6 16. Qe2 a5 17. Ba3 Rh8 18. Rad1 Qc7 19. Rd3 b6 20. Qf3 Bb7
21. Qg4+ Kf7 22. Rfd1 Qxh2+ 23. Kf1 Rh4 24. Rd7+ Ne7 25. Rxe7+ 1-0

[Event "AUTO-INT-2961"]
[Site "http://www.queenalice.com/game.php?id=1342922"]
[Date "2015.2.20"]
[Round "1"]
[White "jhowrod2013"]
[Black "sccp1910"]
[Result "0-1"]
[WhiteElo "1614"]
[BlackElo "1842"]

1. e4 b6 2. Nf3 Bb7 3. d3 g6 4. Be2 Nf6 5. O-O d6 6. Nc3 c6 7. Bg5 Bg7 8. Qd2 a6
9. a3 a5 10. b4 axb4 11. axb4 Na6 12. Bxf6 Bxf6 13. d4 Nxb4 14. d5 cxd5 15. Nxd5
Bxd5 16. exd5 Rxa1 0-1

[Event "AUTO-INT-2961"]
[Site "http://www.queenalice.com/game.php?id=1342923"]
[Date "2015.2.20"]
[Round "1"]
[White "sccp1910"]
[Black "jhowrod2013"]
[Result "1-0"]
[WhiteElo "1814"]
[BlackElo "1622"]

1. e4 e6 2. e5 d5 3. exd6 Bxd6 4. d4 Nf6 5. Bg5 O-O 6. Nc3 h6 7. Bxf6 Qxf6 8.
Nf3 Nc6 9. Qd3 Bf4 10. Qe4 Bd7 11. Nb5 Nb4 12. Bd3 a6 13. Qh7# 1-0

[Event "AUTO-INT-2961"]
[Site "http://www.queenalice.com/game.php?id=1342924"]
[Date "2015.2.20"]
[Round "1"]
[White "jhowrod2013"]
[Black "Alcar"]
[Result "1/2-1/2"]
[WhiteElo "1678"]
[BlackElo "1763"]

1. e4 c5 2. d4 cxd4 3. c3 dxc3 4. Nxc3 Nc6 5. Nf3 e5 6. Bd3 Nf6 7. O-O Bb4 8.
Ng5 O-O 9. Nd5 Nxd5 10. exd5 Nd4 11. Qh5 h6 12. Bh7+ Kh8 13. Nxf7+ Kxh7 14. Nxd8
Rxd8 15. Qxe5 Nb5 16. Qe4+ Kh8 17. Bf4 Bd6 18. Bxd6 Nxd6 19. Qe7 Re8 20. Qxd6 b6
21. h3 Ba6 22. Rfd1 1/2-1/2

[Event "AUTO-INT-2961"]
[Site "http://www.queenalice.com/game.php?id=1342925"]
[Date "2015.2.20"]
[Round "1"]
[White "Alcar"]
[Black "jhowrod2013"]
[Result "1-0"]
[WhiteElo "1682"]
[BlackElo "1655"]

1. d4 d5 2. c4 e6 3. Nc3 Nf6 4. Bg5 Be7 5. Bxf6 Bxf6 6. e3 O-O 7. Nf3 Nc6 8.
cxd5 exd5 9. Bb5 a6 10. Bxc6 bxc6 11. O-O Qd6 12. a3 Rb8 13. b4 a5 14. Rb1 Bg4
15. h3 Be6 16. Qa4 Ra8 17. bxa5 Bd7 18. a6 c5 19. Qa5 cxd4 20. Nxd4 Bxd4 21.
exd4 h6 22. Nxd5 Bc8 23. Nxc7 Ra7 24. Nb5 Qxa6 25. Qxa6 Bxa6 26. Nxa7 1-0

[Event "Let's Play Chess!"]
[Site "http://www.queenalice.com/game.php?id=1370787"]
[Date "2015.7.10"]
[Round "-"]
[White "carlosufpe"]
[Black "jhowrod2013"]
[Result "0-1"]
[WhiteElo "1622"]
[BlackElo "1699"]

1. d4 d5 2. e3 e6 3. Nf3 Nf6 4. Be2 Be7 5. O-O O-O 6. c4 c6 7. cxd5 exd5 8. a3
Bg4 9. Ne5 Bxe2 10. Qxe2 Nbd7 11. Nd2 Qe8 12. Nxd7 Qxd7 13. Nf3 Ng4 14. h3 Nf6
15. b4 Ne4 16. Bb2 b6 17. Qc2 c5 18. bxc5 Rac8 19. Qd3 bxc5 20. dxc5 Nxc5 21.
Qe2 Na4 22. Bd4 Bc5 23. Bxc5 Rxc5 24. Rfd1 Nc3 25. Qd3 Nxd1 0-1

[Event "AUTO-ADV-3468"]
[Site "http://www.queenalice.com/game.php?id=1375544"]
[Date "2015.8.4"]
[Round "1"]
[White "maurice91"]
[Black "jhowrod2013"]
[Result "1-0"]
[WhiteElo "1887"]
[BlackElo "1694"]

1. d4 d5 2. Nf3 e6 3. Bf4 Bd6 4. Bxd6 Qxd6 5. c3 Nf6 6. Qc2 O-O 7. Nbd2 Nc6 8.
e4 Bd7 9. e5 Qe7 10. exf6 Qxf6 11. Bd3 e5 12. dxe5 1-0

[Event "AUTO-ADV-3468"]
[Site "http://www.queenalice.com/game.php?id=1375545"]
[Date "2015.8.4"]
[Round "1"]
[White "jhowrod2013"]
[Black "maurice91"]
[Result "0-1"]
[WhiteElo "1686"]
[BlackElo "1895"]

1. e4 c6 2. Nf3 d5 3. Bd3 Bg4 4. Be2 dxe4 5. Ne5 Bxe2 6. Qxe2 Nf6 7. Nc3 Qd4 8.
Nc4 e6 9. O-O b5 10. Na5 Bb4 11. Nxb5 Qd7 0-1

[Event "AUTO-ADV-3468"]
[Site "http://www.queenalice.com/game.php?id=1375556"]
[Date "2015.8.4"]
[Round "1"]
[White "ALDROB"]
[Black "jhowrod2013"]
[Result "1-0"]
[WhiteElo "1785"]
[BlackElo "1678"]

1. c4 d6 2. Nc3 Nf6 3. d4 e6 4. Bg5 Be7 5. Nf3 O-O 6. e3 Nc6 7. a3 e5 8. d5 e4
9. dxc6 bxc6 10. Nd4 Rb8 11. Nxc6 Rxb2 12. Nxd8 1-0

[Event "AUTO-ADV-3468"]
[Site "http://www.queenalice.com/game.php?id=1375557"]
[Date "2015.8.4"]
[Round "1"]
[White "jhowrod2013"]
[Black "ALDROB"]
[Result "0-1"]
[WhiteElo "1712"]
[BlackElo "1771"]

1. e4 c5 2. d4 cxd4 3. c3 Nc6 4. Ne2 e5 5. cxd4 Nf6 6. Nbc3 exd4 7. Nxd4 Bc5 8.
Be3 O-O 9. Nxc6 Bxe3 10. Nxd8 Bxf2+ 11. Kxf2 Rxd8 0-1

[Event "AUTO-ADV-3468"]
[Site "http://www.queenalice.com/game.php?id=1375562"]
[Date "2015.8.4"]
[Round "1"]
[White "clovis"]
[Black "jhowrod2013"]
[Result "1-0"]
[WhiteElo "2038"]
[BlackElo "1696"]

1. e4 Nf6 2. Nc3 e5 3. Bc4 Bb4 4. d3 O-O 5. Bg5 Be7 6. Nge2 Nc6 7. O-O a6 8. f4
Nd4 9. fxe5 Ng4 10. Bxe7 Qxe7 11. Nxd4 1-0

[Event "AUTO-ADV-3468"]
[Site "http://www.queenalice.com/game.php?id=1375563"]
[Date "2015.8.4"]
[Round "1"]
[White "jhowrod2013"]
[Black "clovis"]
[Result "0-1"]
[WhiteElo "1698"]
[BlackElo "2036"]

1. e4 e5 2. Nf3 Nc6 3. Bb5 f5 4. Nc3 fxe4 5. Nxe4 d5 6. Bxc6+ bxc6 7. Nc5 Bxc5
8. O-O e4 9. Ne5 Nf6 10. d4 exd3 0-1